000 00760nam a2200205 a 4500
008 090514s2006 ||||||||||||||||| || u
020 _a0435449842
050 _aTK 7868.D5 Wis
100 _aWischhusen, Molly
245 1 0 _aDiploma in digital applications, book 3
_cMolly Wischhusen, Janet Snell and Jenny Johnson
260 _aOxford
_bHeinemann
_c2006
300 _aix, 172p.: ill.
350 _a0.00
650 0 _aDIGITAL ELECTRONICS
650 _aINFORMATION TECHNOLOGY--STUDY AND TEACHING
650 0 _aELECTRONICS
700 _aSnell, Janet
700 _aJohnson, Jenny
995 _D0.00
_FCBU-MAIN LIBRARY (Kitwe)
_H1
_I0.00
_M1
_UAVAILABLE
_WMay 14, 2009
_ZMain Library Open Access Collection
999 _c40218
_d40218